000 00233nam a2200097Ia 4500
001 760587
005 20250826165151.0
008 250824s9999 xx 000 0 und d
245 0 _aALPARSLAN
_cMUSTAFA AKGÜN
260 _bPANAMA YAYINLARI
999 _c760587
_d760587